|
|
|
|
| LEADER |
00000cam a2200000 7i4500 |
| 001 |
0000001934 |
| 005 |
20020520.0 |
| 090 |
0 |
0 |
|a R583.624095951
|b FOX 1932
|
| 100 |
1 |
0 |
|a FOXWORTHY
|h Fred William
|c 1877-
|
| 245 |
1 |
0 |
|a Dipterocarpaceae of the Malay Peninsula
|c by F.W. Foxworthy
|
| 260 |
0 |
0 |
|a Kuala Lumpur :
|b Forest Dept. ,
|c 1932
|
| 300 |
|
|
|a 289 p.,23 plates :
|b fold. map ;
|c 27 cm.
|
| 440 |
0 |
0 |
|a Malayan forest records; no.10
|
| 650 |
0 |
0 |
|a Botany
|z Peninsular Malaysia
|
| 650 |
0 |
0 |
|a Dipterocarpaceae
|z Peninsular Malaysia
|
| 998 |
|
|
|a JPSM
|
| 999 |
|
|
|a 0000003066
|b Monograph
|c Reference
|e Default branch
|
| 999 |
|
|
|a 0000003067
|b Monograph
|c Reference
|e Default branch
|
| 999 |
|
|
|a 0000003068
|b Monograph
|c Reference
|e Default branch
|